| 000 | 00345nam a2200121Ia 4500 | ||
|---|---|---|---|
| 008 | 190216s9999||||xx |||||||||||||| ||und|| | ||
| 100 | _a"Don Yeates,Maura Shields And David Helmy" | ||
| 245 | 0 | _aSystem Analysis And Design | |
| 260 |
_bMacmillan India Ltd _c1996 |
||
| 300 | _a420p | ||
| 650 | _a"Computer Programming. Programs, Data" | ||
| 942 | _cBK | ||
| 999 |
_c8612 _d8612 |
||